<?xml version="1.0" encoding="UTF-8"?>
<record
    xmlns:xsi="http://www.w3.org/2001/XMLSchema-instance"
    xsi:schemaLocation="http://www.loc.gov/MARC21/slim http://www.loc.gov/standards/marcxml/schema/MARC21slim.xsd"
    xmlns="http://www.loc.gov/MARC21/slim">

  <leader>00920nam a2200193 i 4500</leader>
  <controlfield tag="001">22431</controlfield>
  <controlfield tag="003">ES-MaACL</controlfield>
  <controlfield tag="005">20250822190538.0</controlfield>
  <controlfield tag="007">t|</controlfield>
  <controlfield tag="008">021202s1906    mx           ||||1| spa d</controlfield>
  <datafield tag="100" ind1="1" ind2=" ">
    <subfield code="a">Alegre, Manuel M.</subfield>
    <subfield code="9">19667</subfield>
  </datafield>
  <datafield tag="245" ind1="1" ind2="0">
    <subfield code="a">Muchos p&#xE1;jaros en una piedra </subfield>
    <subfield code="b">: reflexiones sugeridas por la lectura del &#xFA;ltimo libro de D. Francisco Bulnes, titulado "Juarez y las Revoluciones de Ayutla y de Reforma" con una invectiva al bohemio transfuga y una nota bene a prop&#xF3;sito del ensayo de psicolog&#xED;a historica de XXX, invocaci&#xF3;n al cometa de Halley / </subfield>
    <subfield code="c">[Manuel M. Alegre].</subfield>
  </datafield>
  <datafield tag="260" ind1=" " ind2=" ">
    <subfield code="a">M&#xE9;xico : </subfield>
    <subfield code="b">[s.n.], </subfield>
    <subfield code="c">1906 (</subfield>
    <subfield code="f">Tip. de J. Aguilar Vera y compa&#xF1;&#xED;a)</subfield>
  </datafield>
  <datafield tag="300" ind1=" " ind2=" ">
    <subfield code="a">39 p. ; </subfield>
    <subfield code="c">23 cm.</subfield>
  </datafield>
  <datafield tag="600" ind1="1" ind2="4">
    <subfield code="a">Bulnes, Francisco. </subfield>
    <subfield code="t">Ju&#xE1;rez y las revoluciones de Ayutla y de reforma.</subfield>
    <subfield code="9">159525</subfield>
  </datafield>
  <datafield tag="600" ind1="1" ind2="4">
    <subfield code="a">Ju&#xE1;rez, Benito, </subfield>
    <subfield code="d">1806-1872</subfield>
    <subfield code="9">67156</subfield>
  </datafield>
  <datafield tag="852" ind1=" " ind2=" ">
    <subfield code="a">ES-MaACL</subfield>
    <subfield code="j">1591-F-9</subfield>
  </datafield>
  <datafield tag="999" ind1=" " ind2=" ">
    <subfield code="c">22431</subfield>
    <subfield code="d">22431</subfield>
  </datafield>
  <datafield tag="952" ind1=" " ind2=" ">
    <subfield code="0">0</subfield>
    <subfield code="1">0</subfield>
    <subfield code="4">0</subfield>
    <subfield code="7">0</subfield>
    <subfield code="8">Colecci&#xF3;n_de_folletos</subfield>
    <subfield code="a">ATENEOM</subfield>
    <subfield code="b">ATENEOM</subfield>
    <subfield code="c">DEPOF</subfield>
    <subfield code="d">2008-01-17</subfield>
    <subfield code="e">SC</subfield>
    <subfield code="l">0</subfield>
    <subfield code="o">1591-F-9</subfield>
    <subfield code="p">1023091</subfield>
    <subfield code="r">2023-02-23 00:00:00</subfield>
    <subfield code="w">2023-02-23</subfield>
    <subfield code="y">FOLLETOS</subfield>
  </datafield>
</record>
